Manual de navegación / (Record no. 107038)

MARC details
000 -LEADER
campo de control de longitud fija 00641nam a2200193 i 4500
001 - NÚMERO DE CONTROL
campo de control 107038
003 - IDENTIFICADOR DE NÚMERO DE CONTROL
campo de control ES-MaACL
005 - FECHA Y HORA DE LA ÚLTIMA TRANSACCIÓN
campo de control 20230906184332.0
007 - CAMPO FIJO DE DESCRIPCIÓN FÍSICA--INFORMACIÓN GENERAL
campo de control de longitud fija t|
008 - DATOS DE LONGITUD FIJA--INFORMACIÓN GENERAL
campo de control de longitud fija 061121s1958 sp r ||||1| spa d
100 1# - ENTRADA PRINCIPAL--NOMBRE DE PERSONA
Nombre de persona Moreu Curbera, José María.
9 (RLIN) 83493
245 10 - MENCIÓN DEL TÍTULO
Título Manual de navegación /
Mención de responsabilidad, etc. Moreu Curbera..., Martínez Jiménez ; prólogo de Leopoldo Boado Endeiza.
260 ## - PUBLICACIÓN, DISTRIBUCIÓN, ETC.
Lugar de publicación, distribución, etc. Vigo :
Nombre del editor, distribuidor, etc. [s.n.],
Fecha de publicación, distribución, etc. 1958 (
Fabricante Gráficas Noroeste)
300 ## - DESCRIPCIÓN FÍSICA
Extensión 319 p. ;
Dimensiones 24 cm.
650 #4 - PUNTO DE ACCESO ADICIONAL DE MATERIA--TÉRMINO DE MATERIA
Término de materia o nombre geográfico como elemento de entrada Navegación.
9 (RLIN) 136583
700 1# - ENTRADA AGREGADA--NOMBRE PERSONAL
Nombre de persona Martínez Jiménez, Enrique.
9 (RLIN) 78163
700 1# - ENTRADA AGREGADA--NOMBRE PERSONAL
Nombre de persona Boado Endeiza, Leopoldo.
9 (RLIN) 29626
852 ## - LOCALIZACIÓN
Ubicación ES-MaACL
Número de control de estantería C-14584
Sublocalización o colección R.42417
Holdings
Estatus retirado Estado de pérdida Estado de daño No para préstamo Biblioteca de origen Biblioteca actual Ubicación en estantería Fecha de adquisición Fuente de adquisición Total de préstamos Signatura topográfica completa Código de barras Visto por última vez Precio de reemplazo Tipo de ítem Koha
        Biblioteca del Ateneo de Madrid Biblioteca del Ateneo de Madrid Ficheros 17/01/2008     C-14584 1111721 23/02/2023 23/02/2023 Libro impreso